| 000 | 00000nas 2200000za 4500 |
| 001 | 9.503182 |
| 003 | CaOODSP |
| 005 | 20221107133230 |
| 007 | cr ||||||||||| |
| 008 | 150406d19962008oncar p o f0 b0fre|d |
| 022 | |a1209-6830 |
| 040 | |aCaOODSP|bfre |
| 043 | |an-cn--- |
| 086 | 1 |aF1-23/3F-pdf |
| 110 | 1 |aCanada. |bMinistère des finances. |
| 210 | 0 |aPlan budg. |b(Can., Minist. financ., En ligne) |
| 222 | 0|aLe plan budgétaire |b(Canada. Ministère des finances. En ligne) |
| 240 | 10|aPlan budgétaire (En ligne) |
| 245 | 13|aLe plan budgétaire |h[ressource électronique]. |
| 246 | 1 |iCertaines livr. comprennent le titre: |aPlan budgétaire comprend les renseignements supplémentaires et les avis de motion de voies et moyens |
| 246 | 1 |iCertaines livr. comportent le titre: |aPlan budgetaire de ... |
| 260 | |aOttawa : |bMinistère des finances, |c1996-2008. |
| 310 | |aAnnuel |
| 362 | 0 |a1996-2008 |
| 500 | |aPubli. aussi en anglais sous le titre : Budget plan. |
| 500 | |aVariantes dans le sous-titre. |
| 500 | |aChaque livr. comporte aussi un titre distinct. |
| 530 | |aÉgalement publié en version imprimée. |
| 691 | 07|aBudget|2gcpds |
| 691 | 07|aPlanification|2gcpds |
| 775 | 08|tBudget plan |w(CaOODSP)9.506787 |
| 780 | 00|tLe plan budgétaire |w(CaOODSP)9.819742 |